| 000 | 01207nam a2200337 i 4500 | ||
|---|---|---|---|
| 003 | DO-SdBNP | ||
| 005 | 20230703132812.0 | ||
| 007 | ta | ||
| 008 | 221110t2022 dr a|||er|||| 001 jdspa d | ||
| 020 | _a9789945222258 | ||
| 040 |
_aDO-SdBNP _bspa _cBNPHU _erda |
||
| 041 | _hspa | ||
| 082 | 4 |
_a000 _bQ3f _222 |
|
| 100 | 1 |
_aQuéliz, Marta _eautora _983667 |
|
| 245 | 1 | 3 |
_aLas Fábulas de Marta / _cMarta Quéliz ; ilustración, Kilia Llano; edición, Pablo Calse; prólogo, Miguel Franjul. |
| 264 |
_aSanto Domingo : _bLa Colonial de Seguro, _c2022 |
||
| 300 |
_a179 páginas : _bilustación ; _c24 cm. |
||
| 336 |
_2rdacontent _atexto _btxt |
||
| 337 |
_2rdamedia _asin mediación _bn |
||
| 338 |
_2rdacarrier _avolumen _bnc |
||
| 500 | _aIncluye datos biográficos de la autora en las solapas de las cubiertas. | ||
| 590 | _aInventariado 2022 / MF | ||
| 650 |
_aLiteratura dominicana _981604 |
||
| 650 | 0 |
_aFábulas dominicanas _97204 |
|
| 650 | 4 |
_aVida Cotidiana _xColecciones de Escritos _921713 |
|
| 700 | 1 |
_973981 _aLlano, Kilia, _d1972- _eilustraciones |
|
| 700 |
_938764 _aFranjul, Miguel, _d1951- _eprólogo |
||
| 700 |
_aCalse, Pablo, _eedición _982792 |
||
| 910 | _aMFeliz | ||
| 942 |
_2ddc _cLBS1 |
||
| 999 |
_c52880 _d52880 |
||